[Event "GER-ch U12 Girls"]
[Site "Willingen"]
[Date "2023.05.28"]
[Round "2"]
[White "Stiehler, Mara"]
[Black "Komar, Valeriia"]
[Result "1-0"]
[WhiteElo "1227"]
[BlackElo "1379"]
[PlyCount "55"]
[EventDate "2023.05.27"]
[EventType "swiss"]
[EventRounds "9"]
[EventCountry "GER"]
[SourceTitle "CBM 214 Extra"]
[Source "ChessBase"]
[SourceDate "2023.07.31"]
[SourceVersion "1"]
[SourceVersionDate "2023.07.31"]
[SourceQuality "1"]

1. e4 e5 2. Nf3 Nf6 3. d4 Nxe4 4. Bd3 d5 5. Nxe5 Be7 6. 0-0 0-0 7. Re1 Ng5 8. Nc3 Nd7 9. Nxd7 Qxd7 10. Qh5 h6 11. Bf4 b6 12. Bxc7 Bb7 13. Bf4 Ne6 14. Qf5 g6 15. Qh3 h5 16. Bh6 Rfd8 17. Qg3 Kh7 18. Be3 Bf6 19. Qf3 Bxd4 20. Bxd4 Nxd4 21. Qxh5+ Kg7 22. Qe5+ f6 23. Qxd4 Rh8 24. Qb4 Kf7 25. Re2 Qc7 26. h3 Rae8 27. Rxe8 Rxe8 28. Nb5 1-0